50 Famous Actresses by Movie - Statistics

General Stats
  • This quiz has been taken 220 times
  • The average score is 29 of 50
Answer Stats
Movie Year Actress % Correct
La La Land 2016 Emma Stone
94%
Titanic 1997 Kate Winslet
91%
Black Swan 2010 Natalie Portman
89%
The Hunger Games 2012 Jennifer Lawrence
87%
Breakfast at Tiffany's 1961 Audrey Hepburn
85%
Erin Brockovich 2000 Julia Roberts
85%
Basic Instinct 1992 Sharon Stone
85%
The Silence of the Lambs 1991 Jodie Foster
81%
Barbie 2023 Margot Robbie
80%
Miss Congeniality 2000 Sandra Bullock
80%
Kill Bill: Vol. 1 2003 Uma Thurman
80%
Moulin Rouge! 2001 Nicole Kidman
78%
Alien 1979 Sigourney Weaver
78%
Some Like It Hot 1959 Marilyn Monroe
76%
Ghost 1990 Demi Moore
75%
Sophie's Choice 1982 Meryl Streep
75%
The Lion in Winter 1968 Katharine Hepburn
74%
Lost in Translation 2003 Scarlett Johansson
71%
Boogie Nights 1996 Julianne Moore
70%
Million Dollar Baby 2004 Hilary Swank
69%
Les Misérables 2012 Anne Hathaway
68%
Chicago 2002 Catherine Zeta-Jones
68%
Pride & Prejudice 2005 Keira Knightley
67%
Mad Max: Fury Road 2015 Charlize Theron
63%
The Queen 2006 Helen Mirren
63%
Casablanca 1942 Ingrid Bergman
63%
Thelma & Louise 1991 Susan Sarandon
63%
Frida 2002 Salma Hayek
61%
Jerry Maguire 1996 Renée Zellweger
60%
All About Eve 1950 Bette Davis
59%
Carol 2015 Cate Blanchett
58%
Who's Afraid of Virginia Woolf? 1966 Elizabeth Taylor
56%
The Notebook 2004 Rachel McAdams
56%
Everything Everywhere All at Once 2022 Michelle Yeoh
55%
A Streetcar Named Desire 1951 Vivien Leigh
51%
Volver 2006 Penélope Cruz
47%
Gone in Sixty Seconds 2000 Angelina Jolie
46%
Dangerous Minds 1995 Michelle Pfeiffer
46%
The Godfather 1972 Diane Keaton
44%
Mulholland Drive 2001 Naomi Watts
39%
Bram Stoker's Dracula 1992 Winona Ryder
37%
Dial M for Murder 1954 Grace Kelly
34%
The Fifth Element 1997 Milla Jovovich
29%
We Need to Talk About Kevin 2011 Tilda Swinton
26%
Ninotchka 1939 Greta Garbo
23%
Witness for the Prosecution 1957 Marlene Dietrich
16%
Malena 2000 Monica Bellucci
16%
GoodFellas 1990 Lorraine Bracco
12%
Possession 1981 Isabelle Adjani
9%
Crouching Tiger, Hidden Dragon 2000 Ziyi Zhang
8%
No matching quizzes found
Score Distribution
Percent of People with Each Score
Percentile by Number Answered
Your Score History
You have not taken this quiz